000 00998nas a2200301 4500
001 BR2016001965
003 BR-BrBNA
005 20231205130344.0
007 ta
008 230509b bl.|||p| |||| 00| 00por d
040 _aBR-BrBNA
_bpor
_cBiblioteca Nacional de Agricultura
041 _a(En)
072 _aL72
100 1 _aDominghetti, T.F. de S.
100 1 _aBarros, A.T.M. de
100 1 _aSoares, C.O.
100 1 _aCançado, P.H.D.
245 1 _aStomoxys calcitrans (Diptera: Muscidae)outbreaks: current situation and future outlook with emphasis on Brazil
650 _aBOVINO
650 _aMOSCA DOS ESTABULOS
650 _aPRAGA DE ANIMAL
650 _aDEJETO
650 _aANALISE
773 0 _tBrazilian Journal of Veterinary Parasitology (Brazil)
_xISSN 1984-2961
_g(Oct-Dec 2015), v. 24(4) p. 387-395
_wBR2016001965
856 4 0 _uhttp://www.scielo.br/pdf/rbpv/v24n4/1984-2961-rbpv-24-4-387.pdf
909 _a202311
_bLúcia
_c55
_dLúcia Elande
942 _2AGRIS
_n0
_cANA
999 _c249008
_d249008